AFC Asian Cup Host Cities - Statistics

General Stats
  • This quiz has been taken 31 times
  • The average score is 23 of 44
Answer Stats
Year(s) of Asian Cup(s) Host City % Correct
2007 Jakarta
96%
2004, 2023 Beijing
92%
1988, 2011 Doha
92%
1960 Seoul
92%
1996, 2019 Dubai
83%
2007 Kuala Lumpur
83%
1984 Singapore
83%
2007 Hanoi
79%
1968, 1976 Tehran
79%
1996, 2019 Abu Dhabi
75%
1972, 2007 Bangkok
75%
2023 Shanghai
75%
2015 Sydney
75%
2007 Ho Chi Minh City
71%
1956 Hong Kong
71%
2015 Melbourne
71%
2015 Brisbane
67%
2015 Canberra
63%
1964 Tel Aviv
63%
2000 Beirut
54%
2004, 2023 Chengdu
54%
1964 Jerusalem
54%
2023 Xi'an
54%
2004, 2023 Chongqing
50%
1980 Kuwait City
50%
2023 Tianjin
50%
2023 Qingdao
46%
2023 Xiamen
46%
2023 Dalian
42%
2015 Newcastle
42%
2019 Sharjah
42%
1964 Haifa
38%
2000 Tripoli
33%
1992 Hiroshima
25%
1976 Tabriz
25%
1996, 2019 Al Ain
21%
2011 Al Rayyan
21%
2007 Palembang
21%
2004 Jinan
17%
2000 Sidon
17%
1964 Ramat Gan
13%
2007 Shah Alam
13%
2023 Suzhou
13%
1992 Onomichi
8%
No matching quizzes found
Score Distribution
Percent of People with Each Score
Percentile by Number Answered
Your Score History
You have not taken this quiz